000 00558cas a22001935a 4500
001 L130976
008 050920d1990 xxkmr p 0 a0eng u
035 _a(Sirsi) u130976
041 0 _aeng
110 2 _aRoyal Institution of Chartered Surveyors
_94900
245 0 7 _aRICS Overseas News
_bIncorporating World Property
260 _aLondon
_bRICS
_c1990-
362 _aJuly 1990-July 1991
554 _a12 per year
651 4 _aInternational
690 _aMANAGEMENT-BUSINESS MANAGEMENT-PROFESSIONAL PRACTICE
780 0 0 _tWorld Property
942 _n0
999 _c118828
_d118828